000 004940000a22001810004500
003 LK-CoMWRAF
005 20230928154713.0
008 230817t1981 ||||| |||| 00| 0 eng d
040 _aLK-CoMWRAF
_dLK-CoMWRAF
_eLK-CoMWRAF
041 _aeng
082 _a297.63
_bZAI
100 _aZain, Syed Abu Zafar
245 _aThe Prophet of Islam :
_bThe ideal husband
260 _aLahore (Pakistan) :
_bKazi Publications
_c1981
300 _a61p
650 _aIslam--Religion--Prophet
942 _cBK
999 _c1643
_d1643